A nosocomiális surveillance és a minőségi ápolás kapcsolata

Elmentve itt :
Bibliográfiai részletek
Szerző: Asztalosné Haskó Szilvia
További közreműködők: Halmos Miklósné Mészáros Magdolna (Témavezető)
Dokumentumtípus: Szakdolgozat
Megjelent: 2000
Tárgyszavak:
Online Access:http://diploma.bibl.u-szeged.hu/36601
LEADER 00627nta a2200157 i 4500
001 dipl36601
005 20190430081541.0
008 120220s2000 hu om 0|| zxx d
040 |a SZTE Diploma Repozitórium  |b hun 
041 |a zxx 
100 2 |a Asztalosné Haskó Szilvia 
245 1 2 |a A nosocomiális surveillance és a minőségi ápolás kapcsolata   |h [elektronikus dokumentum] /  |c Dr. Szilvia Asztalosné Haskó 
260 |c 2000 
650 4 |a Gazdaságtudományok 
700 2 |a Halmos Miklósné Mészáros Magdolna  |e ths 
856 4 0 |u http://diploma.bibl.u-szeged.hu/id/eprint/36601/1/2000_dr_asztalosne_hasko_szilvia.pdf  |z Dokumentum-elérés